Statistics for Countries That End in A

Click here to take the quiz!

General Stats

  • This quiz has been taken 58 times
    (55 since last reset)
  • The average score is 58 of 75

Answer Stats

ContinentAnswer% Correct
OceaniaAustralia
98%
AfricaAlgeria
92%
EuropeBulgaria
92%
EuropeEstonia
92%
AsiaIndia
92%
EuropeLatvia
92%
Asia/EuropeRussia
92%
EuropeAlbania
90%
AsiaChina
90%
South AmericaColombia
90%
EuropeLithuania
90%
North AmericaNicaragua
90%
EuropeSlovakia
90%
South AmericaBolivia
88%
North AmericaPanama
88%
EuropeRomania
88%
South AmericaArgentina
86%
North AmericaCanada
86%
EuropeCroatia
86%
EuropeAndorra
84%
EuropeSlovenia
84%
EuropeAustria
82%
North AmericaCuba
82%
AfricaEthiopia
82%
North AmericaGuatemala
82%
AfricaLibya
82%
AsiaNorth Korea
82%
AsiaSouth Korea
82%
AfricaGuinea
80%
AfricaKenya
80%
EuropeMalta
80%
AfricaSouth Africa
80%
AfricaAngola
78%
AsiaArmenia
78%
AsiaCambodia
78%
AfricaEritrea
78%
AfricaGhana
78%
South AmericaGuyana
78%
AfricaNigeria
78%
AfricaTanzania
78%
South AmericaVenezuela
78%
AfricaZambia
78%
AsiaIndonesia
76%
North AmericaJamaica
76%
EuropeMoldova
76%
OceaniaSamoa
76%
AsiaSaudi Arabia
74%
AsiaSyria
74%
North AmericaCosta Rica
72%
North AmericaDominica
72%
AfricaGambia
72%
North AmericaGrenada
72%
EuropeNorth Macedonia
72%
EuropeSerbia
72%
AsiaSri Lanka
72%
OceaniaTonga
72%
AfricaTunisia
72%
AfricaBotswana
70%
AsiaMalaysia
70%
AfricaUganda
70%
AfricaEquatorial Guinea
68%
AsiaMongolia
68%
AfricaNamibia
68%
AfricaRwanda
68%
AfricaSomalia
68%
Asia/EuropeGeorgia
66%
North AmericaSaint Lucia
66%
North AmericaUnited States of America
66%
AfricaLiberia
64%
AfricaMauritania
64%
OceaniaPapua New Guinea
64%
OceaniaMicronesia
62%
North AmericaAntigua & Barbuda
60%
EuropeCzechia
48%
EuropeBosnia & Herzegovina
46%

Score Distribution

Percentile by Number Answered

Percent of People with Each Score

Your Score History

You have not taken this quiz since the last reset